| 000 | 00671nam a2200229 a 4500 | ||
|---|---|---|---|
| 001 | BRCA_5651 | ||
| 005 | 20190320205152.0 | ||
| 008 | 220211s1926----nyua######---#000-0#eng-# | ||
| 041 | _aeng | ||
| 044 | _anyu | ||
| 050 | 4 |
_aNA750 _b.A96 1926 |
|
| 100 | 1 |
_aAtlee, B. Ayres _914369 |
|
| 245 | 1 | 0 |
_aMexican Architecture _bDomestic, Civil y Ecclesiastical _cB. Ayres Atlee. |
| 260 |
_aNueva York _bW. Helburn _c1926 |
||
| 300 |
_a1 v. (sin paginación) _bil., 150 láminas _c41 cm. |
||
| 500 | _aIncluye índice geográfico | ||
| 500 | _aF123 | ||
| 650 | 1 | 4 |
_aArquitectura religiosa _zMéxico _924 |
| 650 | 1 | 4 |
_aArquitectura _zMéxico _9596 |
| 902 | _aGFM | ||
| 942 |
_2lcc _cB |
||
| 999 |
_c5344 _d5344 |
||